00818nam a22002177a 450000500170000001000260001702000270004303500230007003700130009308200140010610000200012024501360014026000480027627000810032430000320040565000400043765000560047765000290053370000210056270000170058320230417111612.0 aENG-112738 ENG-136684 a9789384390020c1500.00 aEN-96270 EN-120216 bDBAD/PUB a362.10973 aToussaint, John aOn the mend : cby John Toussaint Roger, A. Gerand [and] brevolutionizing healthcare to save lives and transform the industry /  aNew Delhi bLean Management Institutec2014 a3rd Floor, Select City Walk, A-3 District Centre, Saket,bNew Delhi e110017 aix,185p. :c22cm(pbk)bill. a Health care reformzUnited States. a Medical care, Cost of zUnited States xEvaluation aOrganizational behavior. aGerard, Roger A. aAdams,Emily